01268 a2200169 45000010006000000050017000060080041000230030015000640400040000790800031001192450041001502640036001913000019002275050792002461000022010387000038010604854920260407155750.0260407a1970 arg spa dAR-UNSa-BCEJYS aAR-UNSa-BCEJYSbspacAR-UNSa-BCEJYS a330xEconomía en general10aAnálisis económico Input- Output 1aBarcelona :bGustavo Gilic1970 a359 p.c22 cm. a1. Propuestas para mejorar la bondad de nuestras previsiones económicas (1964) - 2. Análisis económico input-output (1951) - 3. Salarios, beneficios, precios e impuestos (1947) - 4. La estructura del desarrollo (1963) - 5. Producción interna y comercio exterior: reexamen de la posición estadounidense por lo que respecta al capital (1953) - 6. Las relaciones entre factores y las estructura del comercio estadounidense: nuevo análisis teórico y empírico (1956) - 7. Análisis input-output (1965) - 8. Estructura de la economía estadounidense (1965) - 9. Repercusiones económicas del desarme (1961) - 10. Repercusiones económicas - en los ámbitos industrial y regional - de una reducción de armamento (1965) - 11. Análisis input-output multirregional (1963) 1 aLeontief, Wassily1 aFábrega Forradellas, Valentín